| 000 | 01005nam a22002655a 4500 | ||
|---|---|---|---|
| 003 | OSt | ||
| 005 | 20161203152709.0 | ||
| 008 | 161203s2009 ua frb 000 0 ara d | ||
| 015 | _a2007/18145 | ||
| 020 | _a9773790483 | ||
| 040 |
_aEG-ScBUE _bara _cEG-ScBUE |
||
| 043 | _af-ua--- | ||
| 082 | 0 | 4 |
_a342.62066 _bخ ل ي _222 |
| 100 | 1 | _aخليفة، عبد العزيز عبد المنعم. | |
| 245 | 1 | 0 |
_aتنفيذ الأحكام الإدارية واشكالاته الوقتية / _cعبد العزيز عبد المنعم خليفة. |
| 260 |
_aالقاهرة : _bدار الفكر الجامعي، _c2007. |
||
| 300 |
_a223 ص. ؛ _c24 سم. |
||
| 504 | _aيشتمل على إرجاعات ببليوجرافية. | ||
| 650 | 7 |
_aتنفيذ الأحكام _zمصر. _2BUEsh _941070 |
|
| 650 | 7 |
_aالإجراءات الإدارية _zمصر. _2BUEsh _940797 |
|
| 650 | 7 |
_aالقانون الإداري _zمصر. _2BUEsh _940573 |
|
| 651 | _2BUEsh | ||
| 653 |
_bLLAAWW _cDecember2016 |
||
| 942 | _2ddc | ||
| 999 |
_c23423 _d23395 |
||